60 Team Blitz Quiz Stats

 Plays Quiz Updated Nov 19, 2021

     
Support Sporcle.
Go Orange.
Score 0/60 Timer 01:00
1 Play Today
Team Name F, B, H or M? % Correct
Raiders???
59.3%
Eagles???
59.3%
Rams???
59.2%
Saints???
59.1%
Dolphins???
58.7%
Vikings???
58.7%
Colts???
58.7%
Chargers???
58.6%
49ers???
58.6%
Cowboys???
58.5%
Broncos???
58.5%
Titans???
58.4%
Bulls???
58.3%
Magic???
58.3%
Jaguars???
58.2%
Bears???
58.1%
Warriors???
58.1%
Falcons???
58%
Suns???
57.8%
Nuggets???
57.6%
Pacers???
57.6%
Raptors???
57.3%
Hornets???
57.3%
Wizards???
57.2%
Penguins???
57%
76ers???
56.8%
Bucks???
56.6%
Islanders???
56.5%
Rockets???
56.4%
Ducks???
56.3%
Team Name F, B, H or M? % Correct
Sharks???
56.3%
Devils???
56%
Pelicans???
55.8%
Flames???
55.8%
Flyers???
55.7%
Thunder???
55.6%
Blackhawks???
55.5%
Lightning???
55.4%
Hurricanes???
55.3%
Predators???
55.1%
Coyotes???
54.7%
Blues???
54.7%
Hawks???
54.6%
Stars???
54.4%
Padres???
54.3%
Capitals???
54.3%
Braves???
54.1%
Mariners???
54.1%
Marlins???
53.9%
Twins???
53.8%
Cubs???
53.8%
Reds???
53.7%
Diamondbacks???
53.7%
Angels???
53.6%
Brewers???
53.5%
Pirates???
53.3%
Royals???
53.1%
Guardians???
52.9%
Nationals???
52.8%
Tigers???
52.2%

From the Vault

Multiplication Danger Zone

by AdmiralMaxtreme

Science 60s
You won't have time for pen and paper on this one, so let's hope you paid attention in elementary school math.
Remove Ads.
Support Sporcle.
Get the best of Sporcle when you Go Orange. This ad-free experience offers more features, more stats, and more fun while also helping to support Sporcle. Thank you for becoming a member.

Show Comments

Extras

Top Quizzes Today


Score Distribution

Your Account Isn't Verified!

In order to create a playlist on Sporcle, you need to verify the email address you used during registration. Go to your Sporcle Settings to finish the process.

Report this User

Report this user for behavior that violates our Community Guidelines.

Details: